000 00700nam a2200253Ia 4500
003 OSt
005 20221007101443.0
006 a|||||r|||| 00| 0
007 ta
008 221006b |||||||| |||| 00| 0 eng d
020 _a815621396
024 _a6,496
037 _cTextual
040 _aLCO
_cLCO
_beng
041 _2eng
_aeng
082 _aZ1,d, K9
100 _aBuergenthal Thomas
_9690880
245 0 _aLaw Making in International Civil Avation Organisation
260 _aNew
_bYork Syracuse University Press U.S.A.
_c1969
300 _a247
650 _aAVIATION ORGANIZATION
_9703023
942 _hZ1,d, K9
_cTEXL
999 _c1176059
_d1176059